| 000 | 00837nam a2200205 a 4500 | ||
|---|---|---|---|
| 001 | 000042214 | ||
| 005 | 20201002040019.0 | ||
| 008 | 131119s1984 sp g 000 0 spa d | ||
| 020 | _a8400056809 | ||
| 040 |
_aDO-SdBNP _bspa _cBNPHU |
||
| 100 | 1 |
_aMudarra, Alonso _969232 |
|
| 245 | 1 | 0 |
_aTres libros de música en cifra para vihuela [Música impresa] : _b(Sevilla 1546) / _cAlonso Madarra ; transcripción y estudio por Emilio Pujol. |
| 260 |
_aBarcelona : _bConsejo Superior de Investigaciones Científicas, _c1984. |
||
| 300 |
_a135 p. : _bil., partitura ; _c32 cm. |
||
| 490 | 1 |
_aMonumentos de la música española _v7 |
|
| 500 | _aLa biblioteca posee el v. 1 | ||
| 700 | 1 |
_aPujol, Emilio _969233 |
|
| 710 | 2 |
_aConsejo Superior de Investigaciones Científicas (España) _915178 |
|
| 830 | 0 |
_aMonumentos de la música española _v7 _965588 |
|
| 999 |
_c41703 _d41703 |
||